000 00548nam a22002057a 4500
003 OSt
005 20220107122847.0
008 190118b xxu||||| |||| 00| 0 eng d
020 _a9788184875980
040 _cIIITMK
082 _a005.82 YAD/C
100 _aYadav, Avantika
_915245
245 _aCyber security
_cAvantika Ydav
260 _aNew Delhi,
_bNarosa Publishing House,
_c2017.
300 _axvi, 244p.
650 _aCOMPUTER SCIENCE
_916410
650 _aCOMPUTER SECURITY
_916411
650 _aCYBER SECURITY
_916412
942 _2ddc
_cBK
999 _c6350
_d6350